| 000 | 00000nam##2200000za#4500 |
| 001 | 9.568630 |
| 003 | CaOODSP |
| 005 | 20210624181351 |
| 007 | cr ||||||||||| |
| 008 | 150406|1997||||xxc|||||o f|0| 0 eng|d |
| 040 | |aCaOODSP|beng |
| 043 | |an-cn--- |
| 086 | 1 |aBT31-4/54-1997E-PDF |
| 110 | 1 |aCanada. |bTreasury Board. |
| 245 | 10|aNational Round Table on the Environment and the Economy, performance report for the period ending March 31, 1997 |h[electronic resource] |
| 246 | 1 |iOn title page : |aImproved Reporting to Parliament - Pilot Document |
| 260 | |aOttawa - Ontario : |bTreasury Board of Canada Secretariat |
| 300 | |a14p.|btables |
| 490 | 1 |aPerformance report for the period ending March 31, 1997 |vFor the period ending March 31, 1997 |
| 500 | |aThe catalogue number (BT31-4/54-1997) and ISBN (0-660-60340-3) for the bilingual print edition have been incorrectly copied in this electronic publication. |
| 590 | |a12-25-Supp|b2012-06-04 |
| 775 | 08|tTable ronde nationale sur l'environnement et l'économie, rapport sur le rendement pour la période se terminant le 31 mars 1997 |w(CaOODSP)9.599902 |
| 776 | 0#|tNational Round Table on the Environment and the Economy|w(CaOODSP)9.529576 |
| 776 | 0#|tTable ronde nationale sur l'environnement et l'économie|w(CaOODSP)9.529577 |
| 830 | #0|aPerformance report for the period ending March 31, 1997 ;|vFor the period ending March 31, 1997|w(CaOODSP)9.506249 |
| 856 | 40|ahttp://publications.gc.ca|qPDF|s221 KB|uhttps://publications.gc.ca/collections/Collection/BT31-4-54-1997E.pdf|yFor the period ending March 31, 1997 |